000 00724nam a2200205Ia 4500
003 GCL
008 140319s9999 xx 000 0 ara d
040 _aGCL /
_cGCL
082 0 4 _a811.72
_bم د
100 1 _aالملك الامجد بهرام شاه بن فروخ
245 1 0 _aديوان الملك الامجد بهرام شاه الايوبى /
_cالملك الامجد بهرام شاه بن فروخ
700 1 _aغريب محمد على احمد
260 _a[S.N] :
_bالهيئة المصرية العامة للكتاب ،
_c1991
300 _a360 ص
490 _a
650 0 4 _aالشعر العربى
650 0 4 _aالادب العربى
650 0 4 _aدواوين وقصائد
942 _2ddc
_cBK
999 _c30208
_d30208